00652nam a2200157Ia 4500020001800000082002000018245007800038260003700116500016600153650005400319650003200373650003100405700001900436700002000455700001900475 a9780471779988 aRR 150.195 HAN- 0aHandbook of psychological assessment, case conceptulization and treatment aHobokenbJohn Wiley & Sonsc2008 acontents: 2 vols. vol .1 (Adults), (ed. by Michel Hersen and Johan Rosqvist), (xiv, 802p.) - v.2 (Children and adolescents), (ed. by David Reitman), (xii, 707p.) aPsychology, PathologicalvHandbooks, manuals, etc aMental disordersvDiagnosis aMental disordersvTheraphy aHersen, Michel aRosqvist, Johan aReitman, David